| 000 | 00448nam a22001937a 4500 | ||
|---|---|---|---|
| 999 |
_c10699 _d10699 |
||
| 003 | OSt | ||
| 008 | 210707b ||||| |||| 00| 0 eng d | ||
| 020 | _a9781259006463 | ||
| 082 | _a621.3 BHB | ||
| 100 | _aBHARGAVA,NN | ||
| 245 | _aBasic Electronics and Linear Circuits | ||
| 250 | _a2nd | ||
| 260 |
_aNew Delhi _bTMH _c2019 |
||
| 300 | _a482 | ||
| 650 | _aApplied Sc. | ||
| 700 | _aKULSHRESHTHA,DC | ||
| 700 | _aGUPTA,SC | ||
| 942 |
_2ddc _cBK |
||